Nueva evangelización, promoción humana cultura cristiana/ Jesucristo hoy y ayer y siempre (hebreo 13,8) (Registro nro. 12393)

Detalles MARC
000 -LEADER
fixed length control field 00702nam a22001811a 4500
001 - CONTROL NUMBER
control field 12393
003 - CONTROL NUMBER IDENTIFIER
control field OSt
005 - DATE AND TIME OF LATEST TRANSACTION
control field 20260204212324.0
008 - FIXED-LENGTH DATA ELEMENTS--GENERAL INFORMATION
fixed length control field 150701s1992||||dr ||||||b||||||||||spa||
020 ## - NUMERO DE LIBRO INTERNACIONAL NORMALIZADO
International Standard Book Number 9586076792
082 ## - DEWEY DECIMAL CLASSIFICATION NUMBER
Classification number RD 269.2 C360h
110 ## - ASIENTO PRINCIPAL -- NOMBRE CORPORATIVO
Corporate name or jurisdiction name as entry element ConferenciaGeneral del Episcopado Latinoamericano12-28 de octubre 1992 Santo Conferencia General del Epicopado Latinoamericano 12-28 de cot 1992: Santo Domingo, República Dominicana
245 ## - TÍTULO PROPIAMENTE DICHO: SUBTÍTULO
Title Nueva evangelización, promoción humana cultura cristiana/ Jesucristo hoy y ayer y siempre (hebreo 13,8)
264 ## - PRODUCTION, PUBLICATION, DISTRIBUTION, MANUFACTURE, AND COPYRIGHT NOTICE
Place of production, publication, distribution, manufacture Santo Domingo: Amigo del Hogar
300 ## - PHYSICAL DESCRIPTION
Extensión 209 p.
650 ## - ASIENTO SECUNDARIO DE MATERIA -- TERMINO TEMÁTICO
Termino Temático Como Elemento de Entrada EVANGELIZACIÓN 2.CRITIANISMO - CULTURAÌ
942 ## - ADDED ENTRY ELEMENTS (KOHA)
Source of classification or shelving scheme Dewey Decimal Classification
Koha item type Libros
Existencias
Withdrawn status Lost status Source of classification or shelving scheme Damaged status Not for loan Current library Date acquired Total Checkouts Full call number Barcode Date last seen Price effective from Koha item type
    Dewey Decimal Classification     Biblioteca UTECO 09/09/2019   RD 269.2 C360H 017284 09/09/2019 09/09/2019 Libros
© 2021 Derechos Reservados UTECO - Teléfono: +1 809-585-2291 - Correo electrónico: biblioteca@uteco.edu.do​  
Código postal 43000 ​​
Dirección: Avenida Universitaria No. 100, 
Cotuí, Provincia Sánchez Ramírez, República Dominicana - RNC: 404-00059-6